00310 a2200109 4500001000700000020000600007040001100013100002000024240007600044245007100120362000900191164439 a  cMagnum aVianna, Claudia10aOs nos do nos: crise e perspectivas da acao coletiva docente em splpor10aOs nos do nos: crise e perspectivas da acao coletiva docente em sp0 a1899